|
|
|
|
| LEADER |
00946nab#a2200301#ar4500 |
| 001 |
000074664 |
| 003 |
SVKKK |
| 005 |
20050316xxxxxxx. |
| 008 |
06 c xo huno |
| FMT |
|
|
|
| 038 |
|
|
|a SVKKK
|
| 040 |
|
|
|a SVKKK
|b slo
|e AACR2
|
| 041 |
0 |
|
|a hun
|
| 044 |
|
|
|a xo
|c SK
|
| 080 |
|
|
|a 353
|
| 242 |
1 |
0 |
|a Náš hlavný župan na ruskom vzbúreneckom Hornom Uhorsku
|
| 245 |
0 |
0 |
|a Főispánunk az oroszdulta felvidéken
|
| 500 |
|
|
|a mikrofilm
|
| 520 |
2 |
|
|a Pripravovaná výstavba vojnou zničeného severného Zemplína. Návštevu pracovnú v Medzilaborciach absolvoval v októbri 1917 hlavný župan Zemplínskej župy.
|
| 650 |
0 |
4 |
|a výstavba - Zemplín severný (oblasť) - Medyilaborce (HN) - október 1917 - správy
|
| 773 |
0 |
|
|t Felvidéki Hirlap
|g Roč. 11, č. 12 (07.10.1917) s. 3
|
| 957 |
|
|
|a Medzilaborce
|
| 958 |
|
|
|a DG
|
| 958 |
|
|
|a SK
|
| 974 |
|
|
|a Ba
|d 20050316
|
| 992 |
|
|
|a RBX
|
| BAS |
|
|
|
| 998 |
|
|
|a RETRO
|